[Event "TUR-chT U18"]
[Site "Karaman"]
[Date "2024.04.23"]
[Round "5"]
[White "Yildiz, Serdar Murat"]
[Black "Akin, Duru"]
[Result "1-0"]
[WhiteElo "2021"]
[BlackElo "1702"]
[PlyCount "57"]
[EventDate "2024.04.21"]
[EventType "team-tourn"]
[EventRounds "9"]
[EventCountry "TUR"]
[SourceTitle "EXT 2025"]
[Source "ChessBase"]
[SourceDate "2024.10.14"]
[SourceVersion "1"]
[SourceVersionDate "2024.10.14"]
[SourceQuality "1"]

1. e4 c5 2. Nf3 d6 3. d4 cxd4 4. Nxd4 Nf6 5. Nc3 g6 6. Be3 Bg7 7. f3 Nc6 8. Qd2 0-0 9. Bc4 Nd7 10. 0-0-0 Nb6 11. Be2 Na5 12. b3 Bd7 13. Bh6 Bxh6 14. Qxh6 Qc7 15. Rd3 Rfc8 16. f4 Qc5 17. Nf3 Qa3+ 18. Kd2 Nbc4+ 19. bxc4 Nxc4+ 20. Ke1 Nb2 21. Nd5 Nxd3+ 22. Bxd3 Rxc2 23. Bxc2 Qc1+ 24. Bd1 Ba4 25. Kf2 Bc6 26. Nxe7+ Kh8 27. Nxc6 bxc6 28. Bb3 Qb2+ 29. Kg3 1-0

[Event "World School-ch U17 Girls"]
[Site "Rhodes"]
[Date "2023.04.18"]
[Round "5"]
[White "Jimenez Salas, Maria Teresa"]
[Black "Akin, Duru"]
[Result "1-0"]
[WhiteElo "2019"]
[BlackElo "1564"]
[PlyCount "93"]
[EventDate "2023.04.14"]
[EventType "swiss"]
[EventRounds "9"]
[EventCountry "GRE"]
[SourceTitle "EXT 2024"]
[Source "ChessBase"]
[SourceDate "2023.10.10"]
[SourceVersion "1"]
[SourceVersionDate "2023.10.10"]
[SourceQuality "1"]

1. e4 c5 2. Nf3 d6 3. d4 Nf6 4. dxc5 Nxe4 5. cxd6 Nc6 6. Be3 Nxd6 7. Nc3 g6 8. Nb5 Bg7 9. Nxd6+ exd6 10. c3 0-0 11. Be2 Be6 12. 0-0 Ne5 13. Nd4 Bc4 14. f4 Bxe2 15. Qxe2 Nc6 16. Rad1 Re8 17. Qf3 d5 18. Nb3 a5 19. Rxd5 Qxd5 20. Qxd5 Rxe3 21. Qb5 Re7 22. a4 Rd8 23. g3 Red7 24. Re1 h6 25. Kg2 Bf8 26. Re2 Rd6 27. Nxa5 Nxa5 28. Qxa5 Rd5 29. Qb6 Bc5 30. Qb5 Rd2 31. Kf3 R8d3+ 32. Kg4 h5+ 33. Kh3 Rxe2 34. Qxd3 Rxb2 35. Qd1 Be3 36. Qe1 Bd2 37. Qe5 Rb3 38. Qd5 Rb2 39. c4 b6 40. Qd8+ Kh7 41. Qf6 Ra2 42. Qxf7+ Kh6 43. Qf8+ Kh7 44. c5 Rxa4 45. cxb6 Ba5 46. b7 Bc7 47. Qf7+ 1-0

[Event "World School-ch U17 Girls"]
[Site "Rhodes"]
[Date "2023.04.16"]
[Round "3"]
[White "Bravo Mallco, Kate Azumi"]
[Black "Akin, Duru"]
[Result "1-0"]
[WhiteElo "2058"]
[BlackElo "1564"]
[PlyCount "97"]
[EventDate "2023.04.14"]
[EventType "swiss"]
[EventRounds "9"]
[EventCountry "GRE"]
[SourceTitle "EXT 2024"]
[Source "ChessBase"]
[SourceDate "2023.10.10"]
[SourceVersion "1"]
[SourceVersionDate "2023.10.10"]
[SourceQuality "1"]

1. e4 c5 2. Nf3 d6 3. d4 cxd4 4. Nxd4 Nf6 5. f3 e5 6. Bb5+ Bd7 7. Bxd7+ Nbxd7 8. Nf5 Nb6 9. 0-0 g6 10. Ne3 d5 11. exd5 Nfxd5 12. Qe2 Nxe3 13. Bxe3 Qc7 14. Qb5+ Nd7 15. Nc3 Bc5 16. Bxc5 Qxc5+ 17. Qxc5 Nxc5 18. Rfe1 Nd7 19. Nb5 Ke7 20. Rad1 Rac8 21. Re2 Rc5 22. Nd6 f6 23. Red2 Nb8 24. a4 b6 25. Nb5 a6 26. Nd6 Rc7 27. c3 Rd7 28. Nc4 Rhd8 29. Rxd7+ Rxd7 30. Rxd7+ Nxd7 31. Kf2 Ke6 32. b4 Kd5 33. Ne3+ Kc6 34. Ke2 f5 35. Kd3 Nf6 36. Nc4 Nd7 37. Ne3 Nf6 38. Nc4 Nd7 39. g3 Kd5 40. Ne3+ Kc6 41. g4 f4 42. Nc4 Kd5 43. g5 b5 44. axb5 axb5 45. Na3 Kc6 46. Ke4 Nb6 47. Kxe5 Nd5 48. Nxb5 Ne3 49. Nd4+ 1-0

[Event "TUR-ch U13/18 Girls"]
[Site "Antalya"]
[Date "2023.01.26"]
[Round "7"]
[White "Akin, Duru"]
[Black "Alagoz, Zumra Meryem"]
[Result "1-0"]
[WhiteElo "1513"]
[BlackElo "1816"]
[PlyCount "105"]
[EventDate "2023.01.17"]
[EventType "swiss"]
[EventRounds "9"]
[EventCountry "TUR"]
[SourceTitle "EXT 2024"]
[Source "ChessBase"]
[SourceDate "2023.10.10"]
[SourceVersion "1"]
[SourceVersionDate "2023.10.10"]
[SourceQuality "1"]

1. e4 c5 2. Nf3 a6 3. d4 cxd4 4. Nxd4 Nf6 5. Nc3 e5 6. Nb3 Bb4 7. Bg5 Bxc3+ 8. bxc3 d6 9. Qd3 Nbd7 10. Rd1 Qc7 11. c4 Nc5 12. Nxc5 dxc5 13. Be2 Be6 14. 0-0 h6 15. Bc1 Rd8 16. Qg3 Rxd1 17. Rxd1 g5 18. Bb2 Nd7 19. Bg4 Qb6 20. Bxe5 Rf8 21. Bd6 Rg8 22. Bxe6 fxe6 23. Bc7 Qc6 24. f3 Kf7 25. Be5 h5 26. Rd6 Qc8 27. Bc3 Qc7 28. e5 Rg6 29. Qe1 b5 30. Qd2 Ke7 31. Qd3 Rg7 32. cxb5 c4 33. Qd4 axb5 34. Bb4 Kd8 35. Ra6 Qb7 36. Ba5+ Ke8 37. Rxe6+ Re7 38. Rxe7+ Kxe7 39. Qd6+ Ke8 40. e6 Qc8 41. exd7+ Qxd7 42. Qxd7+ Kxd7 43. Kf2 Kc6 44. Bb4 Kd5 45. Ke3 Ke5 46. g4 hxg4 47. fxg4 Kd5 48. Be7 Kc6 49. Bxg5 b4 50. Kd4 Kb5 51. h4 c3 52. h5 Ka4 53. h6 1-0

[Event "TUR-chT 2nd League"]
[Site "Konya"]
[Date "2022.08.23"]
[Round "2.8"]
[White "Akin, Duru"]
[Black "Ilkbahar, Nimet Seray"]
[Result "1-0"]
[WhiteElo "1577"]
[BlackElo "1709"]
[PlyCount "43"]
[EventDate "2022.08.22"]
[EventType "team-swiss"]
[EventRounds "9"]
[EventCountry "TUR"]
[SourceTitle "CBM 210 Extra"]
[Source "ChessBase"]
[SourceDate "2022.11.30"]
[SourceVersion "1"]
[SourceVersionDate "2022.11.30"]
[SourceQuality "1"]
[WhiteTeam "Calli Spor"]
[BlackTeam "Eskiseh Tasci"]
[WhiteTeamCountry "TUR"]
[BlackTeamCountry "TUR"]

1. e4 e5 2. Nf3 Nc6 3. d4 exd4 4. Bc4 Bb4+ 5. c3 Be7 6. cxd4 d6 7. Qb3 Na5 8. Bxf7+ Kf8 9. Qc3 Kxf7 10. Qxa5 Bg4 11. Ng5+ Bxg5 12. Bxg5 Ne7 13. Qd2 Bh5 14. Qf4+ Ke8 15. Qh4 Bf7 16. 0-0 Kd7 17. Rc1 c6 18. d5 Rc8 19. Qg4+ Kc7 20. dxc6 bxc6 21. Nc3 Kb7 22. e5 1-0

[Event "TUR-ch (Women)"]
[Site "Ayvalik"]
[Date "2022.03.08"]
[Round "5"]
[White "Akin, Duru"]
[Black "Tanir, Simay"]
[Result "1-0"]
[WhiteElo "1531"]
[BlackElo "1458"]
[PlyCount "93"]
[EventDate "2022.03.05"]
[EventType "swiss"]
[EventRounds "9"]
[EventCountry "TUR"]
[SourceTitle "EXT 2023"]
[Source "ChessBase"]
[SourceDate "2022.10.05"]
[SourceVersion "1"]
[SourceVersionDate "2022.10.05"]
[SourceQuality "1"]

1. e4 e6 2. d4 d5 3. Nd2 Be7 4. Ngf3 Nf6 5. e5 Nfd7 6. Bd3 c5 7. c3 b6 8. Qe2 a5 9. 0-0 Ba6 10. c4 Nc6 11. cxd5 Bxd3 12. Qxd3 exd5 13. e6 fxe6 14. Qb5 Qc7 15. Re1 0-0 16. Rxe6 Bd6 17. Nf1 Rae8 18. Rxe8 Rxe8 19. Bg5 Na7 20. Qd3 cxd4 21. Qxd4 Qc4 22. Qxc4 dxc4 23. Rd1 Re6 24. Ne3 h6 25. Nxc4 Nc8 26. Be3 Kf7 27. Nd4 Rf6 28. Nb5 Ke7 29. Nc3 Re6 30. Nd5+ Kf7 31. Ndxb6 Ndxb6 32. Bxb6 Nxb6 33. Nxd6+ Kf6 34. h3 Re2 35. Nb5 Nc4 36. b3 Ne5 37. a4 Rb2 38. Nd4 g5 39. g4 Nd7 40. Rc1 Ne5 41. Rd1 Nd7 42. Nc6 Nc5 43. Nxa5 Nxb3 44. Rd6+ Kg7 45. Rb6 Ra2 46. Nxb3 Rxa4 47. Kg2 1-0

[Event "EU-ch Hybrid U14 Girls"]
[Site "Tornelo INT"]
[Date "2021.10.15"]
[Round "9"]
[White "Akin, Duru"]
[Black "Nordquelle, Amelia"]
[Result "1-0"]
[WhiteElo "1568"]
[BlackElo "1749"]
[PlyCount "63"]
[EventDate "2021.10.15"]
[EventType "swiss"]
[EventRounds "9"]
[EventCountry "NET"]
[SourceTitle "EXT 2023"]
[Source "ChessBase"]
[SourceDate "2022.10.05"]
[SourceVersion "1"]
[SourceVersionDate "2022.10.05"]
[SourceQuality "1"]
[WhiteTeam "Turkey"]
[BlackTeam "Norway"]
[WhiteTeamCountry "TUR"]
[BlackTeamCountry "NOR"]

1. e4 c5 2. Nf3 d6 3. d4 cxd4 4. Nxd4 Nf6 5. Nc3 a6 6. Be2 e5 7. Nb3 Be6 8. Qd3 Be7 9. Be3 0-0 10. Nd5 Bxd5 11. exd5 b5 12. g4 Qc8 13. Rg1 Nbd7 14. g5 Ne8 15. Bg4 Qd8 16. h4 Nc5 17. Nxc5 dxc5 18. Bf3 Nd6 19. h5 g6 20. hxg6 hxg6 21. Qc3 Re8 22. Qxe5 Bf8 23. Qf4 Bg7 24. Kf1 Bxb2 25. Re1 Nf5 26. Bxc5 Rxe1+ 27. Kxe1 Qa5+ 28. Kf1 Qxa2 29. Kg2 Rc8 30. Rh1 Kg7 31. Qh2 Rxc5 32. Qh8# 1-0

[Event "EU-ch Hybrid U14 Girls"]
[Site "Tornelo INT"]
[Date "2021.10.15"]
[Round "7"]
[White "Davitkova, Jovana"]
[Black "Akin, Duru"]
[Result "0-1"]
[WhiteElo "1180"]
[BlackElo "1568"]
[PlyCount "92"]
[EventDate "2021.10.15"]
[EventType "swiss"]
[EventRounds "9"]
[EventCountry "NET"]
[SourceTitle "EXT 2023"]
[Source "ChessBase"]
[SourceDate "2022.10.05"]
[SourceVersion "1"]
[SourceVersionDate "2022.10.05"]
[SourceQuality "1"]
[WhiteTeam "Macedonia"]
[BlackTeam "Turkey"]
[WhiteTeamCountry "MKD"]
[BlackTeamCountry "TUR"]

1. e4 c5 2. Nf3 d6 3. d4 Nf6 4. dxc5 Nxe4 5. cxd6 Nc6 6. Bb5 Nxd6 7. Bxc6+ bxc6 8. Nc3 Ba6 9. Bf4 Qb6 10. Rb1 0-0-0 11. Qc1 f6 12. Qe3 e5 13. Qxb6 axb6 14. Be3 Nc4 15. Na4 Kb7 16. a3 Nxe3 17. fxe3 e4 18. Nd4 Rd7 19. Rd1 b5 20. Nc3 Bc5 21. Kf2 Bxd4 22. Rxd4 Rxd4 23. exd4 f5 24. g4 g6 25. Ke3 Kc7 26. Ne2 fxg4 27. Ng3 Re8 28. Nxe4 Bb7 29. Kd3 c5 30. Nf6 Re6 31. Rf1 Bf3 32. Nd5+ Bxd5 33. Rf7+ Kc6 34. dxc5 Kxc5 35. Rxh7 Be4+ 36. Kd2 Rd6+ 37. Kc3 Rd1 38. Re7 Bf3 39. b4+ Kd6 40. Ra7 Rh1 41. a4 bxa4 42. Rxa4 Rxh2 43. b5 g3 44. Kd3 g2 45. Ra1 Rh1 46. Rxh1 gxh1Q 0-1

[Event "TUR-ch (Women)"]
[Site "Ankara"]
[Date "2020.03.05"]
[Round "5"]
[White "Kalayci, Nino"]
[Black "Akin, Duru"]
[Result "1-0"]
[WhiteElo "1852"]
[BlackElo "1629"]
[PlyCount "65"]
[EventDate "2020.03.02"]
[EventType "swiss"]
[EventRounds "9"]
[EventCountry "TUR"]
[SourceTitle "CBM 195 Extra"]
[Source "ChessBase"]
[SourceDate "2020.05.31"]
[SourceVersion "1"]
[SourceVersionDate "2020.05.31"]
[SourceQuality "1"]

1. d4 Nf6 2. c4 e6 3. Nf3 b6 4. Bg5 Bb7 5. e3 h6 6. Bh4 g5 7. Bg3 Bb4+ 8. Nc3 Ne4 9. Qc2 Bxc3+ 10. bxc3 d6 11. Nd2 f5 12. f3 Nxd2 13. Qxd2 Nd7 14. h4 Qf6 15. a4 a5 16. c5 bxc5 17. Rb1 Bc6 18. Bb5 Bxb5 19. Rxb5 Kf7 20. hxg5 hxg5 21. Rxh8 Qxh8 22. Rb7 Qc8 23. Rb5 cxd4 24. cxd4 Qa6 25. d5 e5 26. Qc2 Kg6 27. Qxc7 Ra7 28. Qd8 Rb7 29. Qg8+ Kh6 30. Qe6+ Kh5 31. Qxf5 Nc5 32. Bf2 Rxb5 33. Qh7# 1-0

[Event "TUR-ch (Women)"]
[Site "Ankara"]
[Date "2020.03.04"]
[Round "4"]
[White "Akin, Duru"]
[Black "Kurnaz, Azra"]
[Result "1-0"]
[WhiteElo "1629"]
[BlackElo "1331"]
[PlyCount "97"]
[EventDate "2020.03.02"]
[EventType "swiss"]
[EventRounds "9"]
[EventCountry "TUR"]
[SourceTitle "CBM 195 Extra"]
[Source "ChessBase"]
[SourceDate "2020.05.31"]
[SourceVersion "1"]
[SourceVersionDate "2020.05.31"]
[SourceQuality "1"]

1. e4 e5 2. Nf3 Nc6 3. Bb5 a6 4. Ba4 Nf6 5. Qe2 b5 6. Bb3 Be7 7. 0-0 0-0 8. c3 d5 9. d3 Bg4 10. exd5 Bxf3 11. Qxf3 Na5 12. c4 bxc4 13. dxc4 e4 14. Qe2 Nxb3 15. axb3 Bd6 16. Bg5 Re8 17. Nd2 h6 18. Bh4 Bc5 19. b4 Bxb4 20. Ra4 Bc5 21. Bxf6 Qxf6 22. b4 Ba7 23. c5 Qd4 24. Nc4 Qxd5 25. Rxa6 Qd3 26. Qa2 Qc3 27. Ne3 Rad8 28. Rxa7 Rd2 29. Qc4 Qe5 30. Qb5 Qe6 31. Rxc7 f5 32. Nxf5 e3 33. Nxe3 Rxf2 34. Rxf2 Qxe3 35. Qc4+ Kh8 36. Qf7 Qc1+ 37. Rf1 Qe3+ 38. Kh1 Qe5 39. b5 Ra8 40. b6 Ra1 41. Qf8+ Kh7 42. Qxg7+ Qxg7 43. Rxg7+ Kxg7 44. Rxa1 h5 45. b7 h4 46. b8Q h3 47. Qg3+ Kf6 48. Rf1+ Ke6 49. Qd6# 1-0

[Event "TUR-ch (Women)"]
[Site "Ankara"]
[Date "2020.03.03"]
[Round "3"]
[White "Akat, Elifnaz"]
[Black "Akin, Duru"]
[Result "1/2-1/2"]
[WhiteElo "1646"]
[BlackElo "1629"]
[PlyCount "94"]
[EventDate "2020.03.02"]
[EventType "swiss"]
[EventRounds "9"]
[EventCountry "TUR"]
[SourceTitle "CBM 195 Extra"]
[Source "ChessBase"]
[SourceDate "2020.05.31"]
[SourceVersion "1"]
[SourceVersionDate "2020.05.31"]
[SourceQuality "1"]

1. e4 c5 2. Nc3 Nc6 3. Bb5 Nd4 4. Bc4 d6 5. Nge2 Nf6 6. d3 Nxe2 7. Nxe2 g6 8. 0-0 Bg7 9. h3 a6 10. c3 b5 11. Bb3 Bb7 12. Ng3 0-0 13. Be3 c4 14. dxc4 Nxe4 15. Nxe4 Bxe4 16. c5 dxc5 17. Bxc5 Qc7 18. Be3 Rfd8 19. Qc1 Rac8 20. f3 Bd3 21. Rd1 b4 22. cxb4 Qe5 23. Qd2 Qxb2 24. Rac1 Qxd2 25. Bxd2 Rb8 26. Bf4 e5 27. Bg5 Rd7 28. Ba4 Rd5 29. Bc6 Rd6 30. Be4 h6 31. Be3 Rbd8 32. Bc5 R6d7 33. Bc6 e4 34. Bxd7 Rxd7 35. fxe4 Bb2 36. Rc2 Bd4+ 37. Rf2 Bxf2+ 38. Kxf2 Bb5 39. Rxd7 Bxd7 40. Ke3 Kg7 41. Bd4+ Kf8 42. Bc5+ Kg7 43. Bd4+ Kf8 44. h4 h5 45. Kf4 Ke7 46. Bc5+ Ke6 47. g3 Bc8 1/2-1/2

[Event "TUR-ch U13-U18 Girls"]
[Site "Antalya"]
[Date "2020.01.19"]
[Round "1"]
[White "Akin, Duru"]
[Black "Yazgan, Nehir"]
[Result "1-0"]
[WhiteElo "1612"]
[BlackElo "1059"]
[PlyCount "155"]
[EventDate "2020.01.19"]
[EventType "swiss"]
[EventRounds "11"]
[EventCountry "TUR"]
[SourceTitle "CBM 195 Extra"]
[Source "ChessBase"]
[SourceDate "2020.05.31"]
[SourceVersion "1"]
[SourceVersionDate "2020.05.31"]
[SourceQuality "1"]

1. e4 d5 2. exd5 Qxd5 3. Nc3 Qd8 4. d4 Nf6 5. Nf3 Bg4 6. h3 Bxf3 7. Qxf3 c6 8. Be3 e6 9. Bd3 Bd6 10. 0-0 Nbd7 11. Rfe1 0-0 12. Bf4 Nb6 13. Bxd6 Qxd6 14. Rad1 Rfd8 15. Ne2 Nbd5 16. a3 b5 17. c4 bxc4 18. Bxc4 Qc7 19. Rc1 Qb6 20. b3 Rac8 21. b4 a5 22. Bxd5 Nxd5 23. bxa5 Qxa5 24. Red1 Qb6 25. Rc5 Ra8 26. Rdc1 Rdc8 27. Nf4 Nxf4 28. Qxf4 Rxa3 29. Rxc6 Rxc6 30. Rxc6 Qd8 31. Rc7 Qe8 32. Qd6 Ra8 33. Re7 Qd8 34. Rd7 Qf8 35. Qxf8+ Kxf8 36. g3 Ke8 37. Rd6 Ke7 38. Rb6 Rd8 39. Rb4 Kd6 40. Kg2 Kc7 41. Kf3 Rd5 42. Ke4 Kc8 43. f4 Kc7 44. g4 g6 45. Rc4+ Kd7 46. h4 f5+ 47. gxf5 gxf5+ 48. Kf3 h5 49. Ke3 Ke7 50. Rc5 Kd8 51. Kd3 Ke7 52. Kc4 Rd7 53. d5 Rd8 54. Rc7+ Rd7 55. Rxd7+ Kxd7 56. dxe6+ Kxe6 57. Kc5 Ke7 58. Kd5 Kf7 59. Ke5 Kg6 60. Ke6 Kg7 61. Kxf5 Kh6 62. Kf6 Kh7 63. Kg5 Kg7 64. f5 Kf7 65. f6 Kf8 66. Kxh5 Kf7 67. Kg5 Kf8 68. Kg6 Kg8 69. f7+ Kf8 70. h5 Ke7 71. Kg7 Ke6 72. f8Q Ke5 73. h6 Ke4 74. h7 Kd5 75. h8Q Ke4 76. Qh4+ Ke5 77. Qff6+ Kd5 78. Qhd4# 1-0

[Event "TUR-chT 2nd League"]
[Site "Konya"]
[Date "2019.07.22"]
[Round "1.5"]
[White "Sade, Defne"]
[Black "Akin, Duru"]
[Result "1-0"]
[WhiteElo "1897"]
[BlackElo "1585"]
[PlyCount "94"]
[EventDate "2019.07.22"]
[EventType "team-swiss"]
[EventRounds "9"]
[EventCountry "TUR"]
[SourceTitle "CBM 191 Extra"]
[Source "ChessBase"]
[SourceDate "2019.09.30"]
[SourceVersion "1"]
[SourceVersionDate "2019.09.30"]
[SourceQuality "1"]
[WhiteTeam "Koroglu Dernegi"]
[BlackTeam "Calli Spor"]
[WhiteTeamCountry "TUR"]
[BlackTeamCountry "TUR"]

1. e4 c5 2. Nf3 d6 3. d4 cxd4 4. Nxd4 Nf6 5. Nc3 Nc6 6. Bc4 g6 7. Be3 Bg7 8. h3 Qa5 9. 0-0 Qb4 10. Bb3 Nxd4 11. Bxd4 0-0 12. a3 Qa5 13. Re1 Bd7 14. Nd5 Nxd5 15. exd5 Rfe8 16. Bxg7 Kxg7 17. Qd4+ Kg8 18. Rad1 Rad8 19. Re3 e5 20. dxe6 Bxe6 21. Rde1 d5 22. Qf6 Qb6 23. Re5 Rf8 24. h4 Rd6 25. h5 Bg4 26. Qf4 Bxh5 27. Bxd5 Rf6 28. Qg3 Kh8 29. b4 Bg4 30. c4 Be6 31. Qe3 Qxe3 32. R1xe3 Bxd5 33. Rxd5 Rc8 34. c5 b6 35. Re7 bxc5 36. bxc5 Ra6 37. Rdd7 Rxa3 38. Rxf7 h5 39. c6 Ra1+ 40. Kh2 Rc1 41. c7 Re8 42. Rh7+ Kg8 43. Rhg7+ Kh8 44. Rxg6 Rf8 45. Rh6+ Kg8 46. Rxh5 Rxf2 47. Rg5+ Kh8 1-0